[Event "Suvorov-ch"]
[Site "Suvorov"]
[Date "2007.01.28"]
[Round "5"]
[White "Kochkin, Yuriy"]
[Black "Ermilov, Petr"]
[Result "1/2-1/2"]
[WhiteElo "1964"]
[BlackElo "1946"]
[PlyCount "33"]
[EventDate "2007.01.24"]
[EventType "swiss"]
[EventRounds "9"]
[EventCountry "RUS"]
[SourceTitle "EXT 2019"]
[Source "ChessBase"]
[SourceDate "2018.10.10"]
[SourceVersion "1"]
[SourceVersionDate "2018.10.10"]
[SourceQuality "1"]

1. e4 e6 2. d4 d5 3. e5 c5 4. c3 Nc6 5. Nf3 Nh6 6. Bd3 cxd4 7. cxd4 Nf5 8. Bxf5 exf5 9. Nc3 Be7 10. h4 0-0 11. Bg5 f6 12. exf6 Bxf6 13. 0-0 f4 14. Bxf6 Rxf6 15. Qb3 Rd6 16. Rfe1 a5 17. Rac1 1/2-1/2

[Event "Suvorov-ch"]
[Site "Suvorov"]
[Date "2007.01.27"]
[Round "4"]
[White "Fedotov, Alexander V"]
[Black "Kochkin, Yuriy"]
[Result "1/2-1/2"]
[WhiteElo "1965"]
[BlackElo "1964"]
[PlyCount "58"]
[EventDate "2007.01.24"]
[EventType "swiss"]
[EventRounds "9"]
[EventCountry "RUS"]
[SourceTitle "EXT 2019"]
[Source "ChessBase"]
[SourceDate "2018.10.10"]
[SourceVersion "1"]
[SourceVersionDate "2018.10.10"]
[SourceQuality "1"]

1. e4 c5 2. Nf3 d6 3. d4 cxd4 4. Qxd4 Nc6 5. Bb5 Bd7 6. Bxc6 Bxc6 7. Nc3 Nf6 8. 0-0 e6 9. Bg5 Be7 10. Rad1 0-0 11. Rfe1 Qa5 12. Qd2 Qb6 13. Qd4 Qa5 14. b4 Qc7 15. b5 Bd7 16. e5 dxe5 17. Nxe5 Rfd8 18. a4 Rac8 19. Qe3 Qxc3 20. Nxd7 Qxc2 21. Nxf6+ Bxf6 22. Rxd8+ Bxd8 23. Bxd8 Rxd8 24. Qxa7 g6 25. h3 Qd2 26. Rf1 Qd5 27. Rc1 Qd2 28. Qe3 Qd5 29. Qe2 b6 1/2-1/2

[Event "Suvorov-ch"]
[Site "Suvorov"]
[Date "2007.01.24"]
[Round "1"]
[White "Kochkin, Yuriy"]
[Black "Abaev, Viktor"]
[Result "0-1"]
[WhiteElo "1964"]
[BlackElo "2080"]
[PlyCount "108"]
[EventDate "2007.01.24"]
[EventType "swiss"]
[EventRounds "9"]
[EventCountry "RUS"]
[SourceTitle "EXT 2019"]
[Source "ChessBase"]
[SourceDate "2018.10.10"]
[SourceVersion "1"]
[SourceVersionDate "2018.10.10"]
[SourceQuality "1"]

1. e4 e5 2. Nf3 Nf6 3. Nxe5 Qe7 4. Nf3 Qxe4+ 5. Qe2 d5 6. d3 Qxe2+ 7. Bxe2 Bd6 8. Nc3 Bd7 9. Bg5 Bb4 10. a3 Bxc3+ 11. bxc3 Nc6 12. Bxf6 gxf6 13. 0-0 0-0-0 14. Rfe1 h5 15. h4 Rdg8 16. Bf1 Bg4 17. Nh2 d4 18. c4 Ne5 19. g3 Be6 20. Bg2 c5 21. Rab1 Nc6 22. Rb2 Kc7 23. Reb1 b6 24. Re1 f5 25. Nf1 Kd6 26. f4 Nb8 27. Kh2 Nd7 28. Nd2 Nf6 29. Bf3 Ng4+ 30. Bxg4 Rxg4 31. Nf3 f6 32. Rg1 Bd7 33. Kg2 Bc6 34. Kf2 Bxf3 35. Kxf3 Re8 36. Rbb1 Re3+ 37. Kf2 Rg8 38. Rbe1 Rge8 39. Rh1 Kc6 40. a4 Kb7 41. Rxe3 Rxe3 42. Ra1 Ka6 43. a5 bxa5 44. Ra2 Re6 45. Ra4 Rb6 46. Ke2 Rb4 47. Rxb4 axb4 48. Kd2 Ka5 49. Kc1 Ka4 50. Kb1 Ka3 51. Ka1 b3 52. Kb1 b2 53. c3 dxc3 54. g4 Kb3 0-1